01579nam a2200337Ia 4500001001200000003000800012006001900020007001500039008004100054010001700095020003900112040002100151035002100172050003000193082002100223100002400244245012700268260006300395300002600458490007400484504005100558533015200609650007400761650005300835650006400888651004600952655002900998710001701027830007101044856012601115ebr10425418CaPaEBRm u cr cn|||||||||100426s2010 ncua sb 001 0 eng d z 2010015805 z9780807834329 (cloth : alk. paper) aCaPaEBRcCaPaEBR a(OCoLC)67669739614aHD6072.2.U52bS574 2010eb04a331.4/8164152221 aSharpless, Rebecca.10aCooking in other women's kitchensh[electronic resource] :bdomestic workers in the South, 1865-1960 /cRebecca Sharpless. aChapel Hill :bUniversity of North Carolina Press,cc2010. aaxxix, 273 p. :bill.1 aThe John Hope Franklin series in African American history and culture aIncludes bibliographical references and index. aElectronic reproduction.bPalo Alto, Calif. :cebrary,d2011.nAvailable via World Wide Web.nAccess may be limited to ebrary affiliated libraries. 0aAfrican American women household employeeszSouthern StatesxHistory. 0aWomen cookszSouthern StatesxSocial conditions. 0aAfrican American womenzSouthern StatesxSocial conditions. 0aSouthern StatesxRace relationsxHistory. 7aElectronic books.2local2 aebrary, Inc. 0aJohn Hope Franklin series in African American history and culture.40uhttp://site.ebrary.com/lib/rucke/Doc?id=10425418zAn electronic book accessible through the World Wide Web; click to view